000 00763nam a2200205Ii 4500
003 JO-AjNU
008 230605s9999||||xx |||||||||||||| ||und||
040 _aJO-AjNU
_bara
_erda
_cJO-AjNU
041 _aara
050 1 4 _aQA76 2005
100 3 _aاللبني ، يمان/ م مشارك اسامة العبدالله ؛ مراجعة مصطفى بنكين,
_eauthor
_930058
245 0 0 _aتصميم وتنفيذ نظم التشغيل الحديثة
250 _aط1
264 3 1 _aالرباط:شعاع للنشر والعلوم ، 2005
300 _a1044ص
336 _atext
_btxt
_2rdacontent
337 _aunmediated
_bn
_2rdamedia
338 _avolume
_bnc
_2rdacarrier
650 4 _aتصميم وتنفيذ نظم التشغيل الحديثة
_930059
999 _aA11871
_c15439
_d15439